La prosa artística en Santo Domingo
Guardado en:
| Hovedforfatter: | |
|---|---|
| Format: | Bog |
| Sprog: | Undetermined |
| Udgivet: |
Santo Domingo, República Dominicana
Corripo
1982
|
| Fag: | |
| Tags: |
Tilføj Tag
Ingen Tags, Vær først til at tagge denne postø!
|
MARC
| LEADER | 00000nam a2200000Ia 4500 | ||
|---|---|---|---|
| 008 | 170316s9999 xx 000 0 und d | ||
| 040 | |a cru BVZT | ||
| 090 | |a C-860 G-2p | ||
| 100 | |a Goica Castro, Manuel de Jesús | ||
| 245 | |a La prosa artística en Santo Domingo | ||
| 260 | |a Santo Domingo, República Dominicana | ||
| 260 | |b Corripo | ||
| 260 | |c 1982 | ||
| 300 | |a 102 páginas | ||
| 650 | |a LITERATURA LATINOAMERICANA | ||
| 650 | |a CRÍTICA | ||
| 999 | |c 13065 |d 13065 | ||
| 942 | |c 15 D |h C-860 G-2p |2 z | ||
